|
|
|
|
| LEADER |
02202nam a2200301 a 4500 |
| 001 |
4679717 |
| 008 |
130322r20112006enka 000 0 eng d |
| 020 |
|
|
|a 9780521606714
|
| 020 |
|
|
|a 9780521606738
|
| 020 |
|
|
|a 9780521744959
|
| 040 |
|
|
|a DLC
|c DLC
|d DLC
|d BD-DhAAL
|
| 082 |
0 |
0 |
|a 428.1
|2 19
|
| 100 |
1 |
|
|a Baker, Ann,
|d 1939-
|
| 245 |
1 |
0 |
|a Ship or sheep? :
|b an intermediate pronunciation course /
|c Ann Baker.
|
| 250 |
|
|
|a 3rd ed.
|
| 260 |
|
|
|a Cambridge ;
|a New York ;
|a New Delhi :
|b Cambridge University Press,
|c 2006 [Reprinted 2011]
|
| 300 |
|
|
|a xii, 224 p. :
|b ill. ;
|c 24 cm.+ 4 sound discs (4 hr., 54 min.) : digital ; 4 3/4 in.
|
| 541 |
|
|
|e 00026721
|
| 650 |
|
0 |
|a English language
|x Pronunciation.
|
| 650 |
|
0 |
|a English language
|x Textbooks for foreign speakers.
|
| 852 |
1 |
|
|a Ayesha Abed Library
|c General shelf.
|
| 999 |
|
|
|c 13259
|d 13259
|
| 952 |
|
|
|0 0
|1 0
|2 ddc
|4 0
|6 428_100000000000000_BAK
|7 0
|9 22073
|a BRACUL
|b BRACUL
|c GEN
|d 2013-03-23
|e Karim International
|g 370.00
|l 1
|m 27
|o 428.1 BAK
|p 3010026721
|r 2025-10-06
|s 2025-02-08
|t 1
|w 2013-03-23
|y BK
|x Transferred from BIL to BRACUL on 06/06/22
|
| 952 |
|
|
|0 0
|1 0
|2 ddc
|4 0
|6 428_100000000000000_BAK
|7 0
|9 22074
|a BRACUL
|b BRACUL
|c AV
|d 2013-03-23
|e Karim International
|l 0
|o 428.1 BAK
|p 4010026721A
|r 2013-03-23
|t 1
|w 2013-03-23
|y AV
|x Transferred from BIL to BRACUL on 06/06/22
|
| 952 |
|
|
|0 0
|1 0
|2 ddc
|4 0
|6 428_100000000000000_BAK
|7 0
|9 22075
|a BRACUL
|b BRACUL
|c AV
|d 2013-03-23
|e Karim International
|l 0
|o 428.1 BAK
|p 4010026721B
|r 2013-03-23
|t 1
|w 2013-03-23
|y AV
|x Transferred from BIL to BRACUL on 06/06/22
|
| 952 |
|
|
|0 0
|1 0
|2 ddc
|4 0
|6 428_100000000000000_BAK
|7 0
|9 22076
|a BRACUL
|b BRACUL
|c GEN
|d 2013-03-23
|e Karim International
|g 370.00
|l 1
|m 1
|o 428.1 BAK
|p 3010026722
|r 2025-08-27
|s 2025-08-18
|t 2
|w 2013-03-23
|y BK
|x Transferred from BIL to BRACUL on 06/06/22
|
| 952 |
|
|
|0 0
|1 0
|2 ddc
|4 0
|6 428_100000000000000_BAK
|7 0
|9 22077
|a BRACUL
|b BRACUL
|c AV
|d 2013-03-23
|e Karim International
|g 370.00
|l 0
|o 428.1 BAK
|p 4010026722A
|r 2013-03-23
|t 2
|w 2013-03-23
|y AV
|x Transferred from BIL to BRACUL on 06/06/22
|
| 952 |
|
|
|0 0
|1 0
|2 ddc
|4 0
|6 428_100000000000000_BAK
|7 0
|9 22078
|a BRACUL
|b BRACUL
|c AV
|d 2013-03-23
|e Karim International
|g 370.00
|l 0
|o 428.1 BAK
|p 4010026722B
|r 2013-03-23
|t 2
|w 2013-03-23
|y AV
|x Transferred from BIL to BRACUL on 06/06/22
|